000 01730cam a22004574i 4500
003 PE-LiUPU
005 20250731165408.0
008 151019s1997 pe a grm 000 0 spa d
035 _a(Sirsi) a154906
040 _aPE-LiUPU
_bspa
_cPE-LiUPU
_erda
099 _aTEF 2
_bA31 1997
100 1 _aAguilar León, Sara Sofía
_eautor
245 1 _aAspectos psicosociales que caracterizan la atención de la salud al paciente hospitalizado en el H.N.E.R.M y el H.NG.A.I Setiembre - Noviembre de 1995 /
_cSara Sofía Aguilar León.
264 0 _c1997.
300 _a92 hojas
_c30 cm
336 _atext
_2rdacontent
337 _aunmediated
_2rdamedia
338 _avolume
_2rdacarrier
502 _aTesis
_b(Lic.) --
_cUniversidad Peruana Unión,
_d1997.
504 _aIncluye referencias
520 3 _aEste estudio de investigación tiene como objetivo: Describir los aspectos psicosociales que caracterizan la atención de salud al paciente hospitalizado. Fue realizado en el H. N. E. R. M. y el H. N. G. A. I. Se utilizaron como instrumentos de recolección de datos, la observación no estructurada y la entrevista semiestructurada.
526 _aSEG44
526 _aSEG26
526 _aP151
526 _aP150
526 _aP149
526 _aP146
526 _aP145
526 _aP126
526 _aP125
526 _aP92
526 _aP75
526 _aP74
526 _aP27
526 _aP15
650 1 4 _aHospitalizados
_xSalud mental.
650 2 4 _aHospitales
_xAtención al paciente.
596 _a1
942 _2ddc
_cTESIS
999 _aTEF 2 A31 1997
_wALPHANUM
_c7599
_iT00294
_lCCODEBUL3
_mBUL
_r1
_sY
_tTESIS
_u2015-10-19
_xSALUD
_PP22
_o.STAFF. Tesis
_d7599
980 _81
_gALBERTO SANCHEZ Responsable de Automatización